000 00868nam a22002651 4500
001 134231
003 ES-MaACL
005 20230906194629.0
007 t|
008 070906s1971 sp ||||0| spa d
016 7 _zIND2000943915
040 _aM-BN
_bspa
_cCDM
080 _a615.825.1
080 _a616.89-008.454-053.2-08
100 1 _aWheeler, Ruth Hook.
_9116626
245 1 0 _aEducación física para la recuperación /
_cRuth Hook Wheeler... Agnes M. Hooley... ; versión española por el doctor A. Jornet.
250 _a1ª ed.
260 _aBarcelona :
_bJims,
_c[1971]
300 _aXV, 413 p. :
_bil. ;
_c23 cm.
650 1 4 _aNiños disminuidos-
_xRehabilitación.
_915563
650 4 _aNiños disminuidos-
_xGimnasia.
_915561
700 1 _aJornet Cases, A.
_966960
700 1 _aHooley, Agnes M.
_964151
852 _aES-MaACL
_jC-38150
_bR.76833
999 _c134231
_d134231